| 000 | 00000nam 2200000za 4500 |
| 001 | 9.848314 |
| 003 | CaOODSP |
| 005 | 20240711163539 |
| 007 | cr ||||||||||| |
| 008 | 171205s2017 onc o f000 0 eng d |
| 040 | |aCaOODSP|beng |
| 043 | |an-cn--- |
| 086 | 1 |aFR5-130/2017E-PDF |
| 245 | 00|aCanada’s national action plan on women, peace and security 2017-2022 |h[electronic resource]. |
| 260 | |a[Ottawa : |bGlobal Affairs Canada, |c2017] |
| 300 | |a[1] p. |
| 500 | |aIssued also in French under title: Le plan d’action du Canada sur les femmes, la paix et la sécurité pour 2017-2022. |
| 500 | |aCaption title. |
| 520 | |a“Infographic for Canada’s National Action Plan for the Implementation of the United Nations Security Council Resolutions on Women, Peace and Security 2017-2022, launched by the Government of Canada on November 1, 2017”--Provided by publisher. |
| 692 | 07|2gccst|aWomen |
| 692 | 07|2gccst|aGender equality |
| 692 | 07|2gccst|aHuman rights |
| 692 | 07|2gccst|aPeace |
| 710 | 1 |aCanada. |bGlobal Affairs Canada. |
| 775 | 08|tLe plan d’action du Canada sur les femmes, la paix et la sécurité pour 2017-2022 |w(CaOODSP)9.848315 |
| 794 | |tFoundations for peace : |b2024|w(CaOODSP)9.934269 |
| 856 | 40|qPDF|s265 KB|uhttps://publications.gc.ca/collections/collection_2017/amc-gac/FR5-130-2017-eng.pdf |